1213 1669 1983 1993 1943 1806 1863 1152 1029 1294 1161 1244 1382 1025 1403 1860 1404 1439 1526 1293 1563 1648 1436 1166 1065 1404 1562 1154 1981 1419 1232 1000 1807 1023 1872 1802 1416 1860 1249 1318 1488 1541 1371 1994 1876 1736 1691 1746 1176 1831 1086 1482 1081 1354 1368 1645 1394 1906 1883 1117 1312 1867 1590 1501 1381 1815 1964 1970 1639 1375 1996 1865 1206 1155 1670 1847 1126 1985 1326 1483 1817 1174 1595 1826 1467 1242 1221 1853 1877 1516 1279 1528 1077 1122 1998 1110 1904 1595 1429 BCNSPRNW ULIB Ver.6.0+V

เปลี่ยนเป็นภาษาไทย

Change to English
 แสดงรายละเอียดบรรณานุกรม
  กลับหน้าหลัก

Brief Record : Get Marc (ISO 2709) : E-mail record : QR code < ปิดหน้าต่าง
LEADER : 00000nam 2200000uu 4500
001    13399120796
003     ULIB
008    121017s2545||||th 000 0 tha d
020    ^a9746436333 (ล.2)
050  4 ^aBF637.C6^bส719จ ล.2
245 00 ^aทฤษฎีและแนวปฏิบัติในการให้การปรึกษา หน่วยที่ 9-15=^bTheory and Practice in Counseling /^cสาขาวิชาศึกษาศาสตร์ มหาวิทยาลัยสุโขทัยธรรมาธิราช
246 31 ^aTheory and Practice in Counseling
250    ^aพิมพ์ครั้งที่ 1
260    ^aนนทบุรี :^bสำนักพิมพ์ มสธ.,^c2545
300    ^a2 เล่ม
500    ^aเอกสารการสอนชุดวิชาทฤษฎีและแนวปฏิบัติในการให้การปรึกษา
650  7 ^aจิตวิทยา
710 2  ^aมหาวิทยาลัยสุโขทัยธรรมาธิราช. ^bสาขาวิชาศึกษาศาสตร์
945    ^p0^l0^i24439
995    ^aทศพร
999    ^aทศพร เกษรทอง
รายการนี้ยังไม่มีแท็ก
คุณยังไม่ได้ล็อกอิน คุณสามารถมีกิจกรรมร่วมกับเว็บไซต์ได้ แต่ต้องล็อกอินก่อน ::
  ล็อกอิน

รายการสื่อสารสนเทศ

ลำดับที่ ประเภท เลขเรียก/บาร์โค้ด สถานที่ สถานะ
1. วิทยาศาสตร์การแพทย์ และสุขภาพ
วิทยาศาสตร์การแพทย์ และสุขภาพ
BF637.C6 ส719จ ล.2 ฉ.1 
  Barcode: 24439
ห้องสมุดวิทยาเขตสวรรค์ประชารักษ์
►หนังสือทั่วไป
บนชั้น

รายการใกล้เคียง
    หัวเรื่อง [จิตวิทยา]

BibComment


ยังไม่เคยถูกคอมเมนท์

คอมเมนท์ทรัพยากรรายการนี้
  คอมเมนท์: ทฤษฎีและแนวปฏิบั..


 Copyright 2026. Bcnsprnw @Library